000 00837nam a2200205Ia 4500
999 _c35327
_d35327
001 1178
003 GE_BSU
005 20250429161550.0
008 181216s1982||||ge |||||||||||||| ||geo||
040 _cGE_BSU
041 _ageo
080 _a631.4ჯ-45
100 _aჯიკაევა მ.
_924968
245 _aნიადაგმთცოდნეობა :
_bსახელმძღვანელო სასოფლო სამეურნეო ინსტიტუტის სტუდენტებისათვის /
_c მ. ჯიკაევა
264 _aთბილისი :
_bგანათლება,
_c1982.
300 _a272 გვ.:
_b21 სმ.
653 _aნიადაგმცოდნეობა.
653 _aსოფლის მეურნეობა
942 _cBK
_2udc